00813nam a2200217 450000500170000000800410001702000150005802000150007305000230008810000220011124500890013326000520022230000210027444000910029550000320038665000260041865000480044465000410049265000490053365000130058220260630123149.0260630b |||||||| |||| 00| 0 eng d a0521219388 a0521293189 aHN660.A8bS56 1978 aSimon, Rita James aContinuity and ChangebA Study of two ethnic communities in IsraelcRita James Simon aUnited state of AmericabMurray printing c1978 axi,180p.:bIllu. aThe Arnold and Caroline Rose monograph series of the American Sociological Association aInclude Reference and Index aSocial surveys-Israel aJerusalem. Meah she'arimvSocial conditions aJews in JerusalemvSocial conditions aPalestinian ArabsvIsraelxSocial conditions aSex role